00595nam a2200241Ia 450000500170000000800460001702000180006303700100008104000080009104000080009904000080010704100080011504100080012308400080013110000220013924500180016124500760017926000230025526000090027836500050028736500080029285600530030020260324120212.0008 260324s9999 xx 000 0 eng d a9780429256394 aEBOOK aCRL beng cCRL 2eng aeng qCRL aThomas A. Johnson 0aCybersecurity 0bProtecting Critical Infrastructures from Cyber Attack and Cyber Warfare bTaylor and Francis c2015 a b180 uhttp://www.taylorfrancis.com/books/9780429256394